Visualizzazione normale
Vista MARC
- Attività politica
di Uniform Title
Records bibliografici associati: 1
001 - CONTROL NUMBER
- control field: 59167
003 - CONTROL NUMBER IDENTIFIER
- control field:
005 - DATE AND TIME OF LATEST TRANSACTION
- control field: 20220915152630.0
008 - FIXED-LENGTH DATA ELEMENTS
- fixed length control field: 220915|| aca||aabn | a|a d
040 ## - CATALOGING SOURCE
- Original cataloging agency:
- Transcribing agency:
130 ## - HEADING--UNIFORM TITLE
- Uniform title: Attività politica
670 ## - SOURCE DATA FOUND
- Source citation: Work cat.: ()0: Prélot, Marcel 1898-1973 autore; giurista 59164, Storia del pensiero politico., 1979 (seconda edizione)